ASUN Logo Quiz - Statistics

General Stats
  • This quiz has been taken 9 times
  • The average score is 8 of 12
Answer Stats
Picture Answer % Correct
Florida Gulf Coast
86%
Lipscomb
86%
Jacksonville
71%
North Alabama
71%
Queens
71%
Stetson
71%
Austin Peay
57%
Bellarmine
57%
North Florida
57%
West Georgia
57%
Central Arkansas
43%
Eastern Kentucky
43%
No matching quizzes found
Score Distribution
Percent of People with Each Score
Percentile by Number Answered
Your Score History
You have not taken this quiz